[Event "SK Weilheim 1-SG PS Regensburg 1"]
[Site "?"]
[Date "2024.02.25"]
[Round "6.5"]
[White "Hitzler, Philipp"]
[Black "de Francesco, Klaus"]
[Result "1-0"]
[WhiteElo "2229"]
[BlackElo "2126"]
[PlyCount "97"]
[EventDate "2024.??.??"]
[WhiteTeam "SG PS Regensburg 1"]
[BlackTeam "SK Weilheim 1"]

1. d4 Nf6 2. Nf3 e6 3. c4 b6 4. g3 Bb4+ 5. Bd2 Bxd2+ 6. Nbxd2 Bb7 7. Bg2 O-O 8. b4 Qe7 9. a3 a5 10. b5 d6 11. O-O Nbd7 12. e3 e5 13. Qc2 Rfe8 14. Rfc1 Rad8 15. Nxe5 Bxg2 16. Nxd7 Bh3 17. Nxf6+ Qxf6 18. Qd3 Re6 19. e4 Rde8 20. Re1 Qg6 21. Re2 f5 22. f3 h5 23. Rae1 f4 24. Kf2 Rf8 25. Rg1 Qh6 26. Ke1 Ref6 27. Kd1 Bd7 28. Kc2 c6 29. bxc6 Bxc6 30. gxf4 Qxf4 31. Qe3 Qh4 32. Reg2 R6f7 33. Qh6 Qe7 34. Rg5 Ba4+ 35. Kb2 Qf6 36. Qxf6 Rxf6 37. Rxg7+ Kh8 38. R7g5 Rh6 39. Kc3 Re8 40. Kd3 Re7 41. f4 Kh7 42. Rb1 b5 43. Rb2 bxc4+ 44. Nxc4 d5 45. Rxd5 Rc6 46. Rxh5+ Kg6 47. Rg5+ Kh6 48. Rb6 Rxb6 49. Nxb6 1-0

[Event "SK Weilheim 1-SG PS Regensburg 1"]
[Site "?"]
[Date "2024.02.25"]
[Round "6.6"]
[White "Gruber, Michael"]
[Black "Wutz, Christoph"]
[Result "0-1"]
[WhiteElo "2108"]
[BlackElo "2174"]
[PlyCount "56"]
[EventDate "2024.??.??"]
[WhiteTeam "SK Weilheim 1"]
[BlackTeam "SG PS Regensburg 1"]

1. e4 e6 2. d4 d5 3. Nd2 Nf6 4. e5 Nfd7 5. Bd3 c5 6. c3 Nc6 7. Ndf3 cxd4 8. cxd4 f6 9. exf6 Qxf6 10. Ne2 Bd6 11. a3 O-O 12. Bg5 Qf7 13. Qc2 Qh5 14. h4 Nf6 15. Nf4 Qf7 16. h5 Ne4 17. Nh3 e5 18. Be3 Bf5 19. Nhg5 Nxg5 20. Nxg5 Qd7 21. Bxf5 Rxf5 22. Nf3 exd4 23. Nxd4 Nxd4 24. Bxd4 Re8+ 25. Kf1 Rf4 26. Rd1 Qb5+ 27. Qd3 Rxd4 28. Qxb5 Rxd1# 0-1

[Event "SK Weilheim 1-SG PS Regensburg 1"]
[Site "?"]
[Date "2024.02.25"]
[Round "6.7"]
[White "Werner, Claus"]
[Black "Lochte, Thomas"]
[Result "1/2-1/2"]
[WhiteElo "2141"]
[BlackElo "1964"]
[PlyCount "66"]
[EventDate "2024.??.??"]
[WhiteTeam "SG PS Regensburg 1"]
[BlackTeam "SK Weilheim 1"]

1. d4 Nf6 2. Nf3 e6 3. c4 c5 4. Nc3 cxd4 5. Nxd4 Bb4 6. e3 O-O 7. Qc2 b6 8. Be2 Bb7 9. O-O d5 10. Rd1 Nbd7 11. cxd5 Nxd5 12. Nxd5 exd5 13. a3 Rc8 14. Qa4 Bd6 15. b4 Bb8 16. Bb2 Ne5 17. Nf3 Nxf3+ 18. Bxf3 Qc7 19. g3 Qc2 20. Qxc2 Rxc2 21. Bd4 f5 22. a4 Bd6 23. a5 Bxb4 24. axb6 a5 25. Be5 Rd8 26. Rac1 Rxc1 27. Rxc1 Bd6 28. Bxd6 Rxd6 29. Rc7 Rxb6 30. Rc5 Rb1+ 31. Kg2 a4 32. Bxd5+ Bxd5+ 33. Rxd5 g6 1/2-1/2

[Event "SK Weilheim 1-SG PS Regensburg 1"]
[Site "?"]
[Date "2024.02.25"]
[Round "6.8"]
[White "Limmer, Marco"]
[Black "Gruber, Roland"]
[Result "0-1"]
[WhiteElo "1887"]
[BlackElo "2093"]
[PlyCount "92"]
[EventDate "2024.??.??"]
[WhiteTeam "SK Weilheim 1"]
[BlackTeam "SG PS Regensburg 1"]

1. e4 d6 2. d4 Nf6 3. Nc3 c6 4. f4 Qa5 5. Bd3 e5 6. dxe5 dxe5 7. Nf3 Bg4 8. h3 Bxf3 9. Qxf3 exf4 10. Bxf4 Nbd7 11. O-O Ne5 12. Bxe5 Qxe5 13. Qf5 Bd6 14. Qxe5+ Bxe5 15. Rf5 Bd4+ 16. Kh1 Nd7 17. Ne2 Be5 18. Bc4 f6 19. Ng1 b5 20. Bd3 Bxb2 21. Rb1 Be5 22. Rf2 Bd4 23. Rff1 Bxg1 24. Kxg1 Ne5 25. Be2 Ke7 26. Rfc1 Rhd8 27. Rd1 Rxd1+ 28. Rxd1 Rd8 29. Rxd8 Kxd8 30. Kf2 Kc7 31. Ke3 Kd6 32. g3 Kc5 33. c3 g5 34. h4 h6 35. h5 a5 36. a3 Nc4+ 37. Kf3 Nxa3 38. Kg4 Nb1 39. Bd1 Nxc3 40. Bc2 a4 41. Kf5 b4 42. Kg6 b3 43. Bd3 Kd4 44. Kxh6 Kxd3 45. Kg6 b2 46. h6 b1=Q 0-1

[Event "SC Groebenzell 1-SK Tarrasch Muenchen 1"]
[Site "?"]
[Date "2024.02.25"]
[Round "6.1"]
[White "Maksimenko, Andrei"]
[Black "Schuster, Karsten"]
[Result "1/2-1/2"]
[WhiteElo "2453"]
[BlackElo "2305"]
[PlyCount "27"]
[EventDate "2024.??.??"]
[WhiteTeam "SK Tarrasch München 1"]
[BlackTeam "SC Gröbenzell 1"]

1. d4 d5 2. c4 e6 3. Nc3 Nf6 4. Bg5 Be7 5. e3 O-O 6. Nf3 c5 7. dxc5 dxc4 8. Bxc4 Qxd1+ 9. Rxd1 Nbd7 10. O-O Bxc5 11. a3 a6 12. b4 Be7 13. Be2 b5 14. Nd2 1/2-1/2

[Event "SC Groebenzell 1-SK Tarrasch Muenchen 1"]
[Site "?"]
[Date "2024.02.25"]
[Round "6.3"]
[White "Juptner, Jan"]
[Black "Grawe, Christian"]
[Result "1/2-1/2"]
[WhiteElo "2339"]
[BlackElo "2197"]
[PlyCount "53"]
[EventDate "2024.??.??"]
[WhiteTeam "SK Tarrasch München 1"]
[BlackTeam "SC Gröbenzell 1"]

1. d4 d5 2. c4 c6 3. e3 Bf5 4. Nc3 e6 5. Nf3 Nf6 6. Be2 h6 7. Bd3 Bxd3 8. Qxd3 Bd6 9. Bd2 Nbd7 10. e4 dxc4 11. Qxc4 e5 12. dxe5 Bxe5 13. O-O O-O 14. Rad1 Qc7 15. Nxe5 Nxe5 16. Qe2 Rad8 17. f4 Ng6 18. Be3 Rxd1 19. Qxd1 Rd8 20. Qe2 b5 21. a3 Qe7 22. e5 Nd5 23. Nxd5 Rxd5 24. Qc2 Qd7 25. h3 Rd3 26. Qc5 Rd1 27. Rxd1 1/2-1/2

[Event "SC Groebenzell 1-SK Tarrasch Muenchen 1"]
[Site "?"]
[Date "2024.02.25"]
[Round "6.4"]
[White "Kempter, Ronald"]
[Black "Meier, Volker"]
[Result "0-1"]
[WhiteElo "2167"]
[BlackElo "2190"]
[PlyCount "124"]
[EventDate "2024.??.??"]
[WhiteTeam "SC Gröbenzell 1"]
[BlackTeam "SK Tarrasch München 1"]

1. Nf3 c5 2. c4 Nc6 3. g3 e5 4. Nc3 g6 5. Bg2 Bg7 6. O-O Nge7 7. a3 O-O 8. b4 d6 9. Rb1 Rb8 10. d3 b6 11. Ne1 Bb7 12. Nc2 Nd4 13. Bxb7 Rxb7 14. Ne3 f5 15. Ned5 h6 16. e3 Ne6 17. f4 Nxd5 18. Nxd5 Kh7 19. Qf3 Rbf7 20. Bb2 Nc7 21. Ba1 Nxd5 22. Qxd5 Re7 23. d4 cxd4 24. exd4 e4 25. Rfe1 Qc7 26. Rbc1 Rc8 27. Kf2 h5 28. h3 Qb7 29. Qxb7 Rxb7 30. Rc2 Kg8 31. Ke3 Rbc7 32. Rec1 d5 33. c5 b5 34. a4 Rb8 35. axb5 Rxb5 36. Bc3 h4 37. g4 fxg4 38. hxg4 Bf6 39. g5 Bd8 40. Ra2 Rh7 41. Ra6 h3 42. Rxg6+ Kh8 43. Rd6 Bc7 44. Rh6 Rxh6 45. gxh6 a5 46. Rh1 axb4 47. Bb2 Rb8 48. Rxh3 Rf8 49. Rh4 Kh7 50. Rh5 Bxf4+ 51. Ke2 Rg8 52. Kf2 Rg3 53. Rf5 e3+ 54. Ke2 Rg2+ 55. Kf3 Rf2+ 56. Kg4 e2 57. Rf7+ Kxh6 58. Re7 Bd2 59. Bc1 Bxc1 60. Kg3 Rf4 61. Rxe2 Rxd4 62. Rc2 Bf4+ 0-1

[Event "SC Groebenzell 1-SK Tarrasch Muenchen 1"]
[Site "?"]
[Date "2024.02.25"]
[Round "6.5"]
[White "Reinhard, Simon"]
[Black "Pieper, Thomas"]
[Result "1/2-1/2"]
[WhiteElo "2102"]
[BlackElo "2156"]
[PlyCount "62"]
[EventDate "2024.??.??"]
[WhiteTeam "SK Tarrasch München 1"]
[BlackTeam "SC Gröbenzell 1"]

1. d4 Nf6 2. c4 g6 3. Nf3 Bg7 4. g3 O-O 5. Bg2 d6 6. Nc3 c5 7. O-O Nc6 8. dxc5 dxc5 9. Bf4 Nh5 10. Be3 Qa5 11. Qc1 Nd4 12. Bxd4 cxd4 13. Nd5 e6 14. Ne7+ Kh8 15. Nxc8 Raxc8 16. Ne1 Qc7 17. Nd3 b6 18. b3 Nf6 19. Qd2 e5 20. Rac1 e4 21. Nb4 Qe5 22. Bh3 Rc7 23. Rfd1 Qh5 24. Bg2 Ng4 25. Qf4 Be5 26. Qxe4 Qxh2+ 27. Kf1 f5 28. Qf3 Qh6 29. Kg1 Qh2+ 30. Kf1 Qh6 31. Kg1 Qh2+ 1/2-1/2

[Event "SC Groebenzell 1-SK Tarrasch Muenchen 1"]
[Site "?"]
[Date "2024.02.25"]
[Round "6.6"]
[White "Zentgraf, Alexander"]
[Black "Bolduan, Sebastian"]
[Result "1/2-1/2"]
[WhiteElo "2106"]
[BlackElo "2156"]
[PlyCount "40"]
[EventDate "2024.??.??"]
[WhiteTeam "SC Gröbenzell 1"]
[BlackTeam "SK Tarrasch München 1"]

1. d4 e6 2. Nf3 f5 3. h3 Nf6 4. g4 d5 5. Rg1 Ne4 6. gxf5 exf5 7. Bf4 Be6 8. c3 c6 9. Nbd2 Nd7 10. e3 Ndf6 11. Ne5 Nxd2 12. Qxd2 Qb6 13. f3 Rg8 14. O-O-O O-O-O 15. Bd3 Bd6 16. Qe2 g6 17. Bg5 Rgf8 18. f4 Be7 19. Bxf6 Bxf6 20. Nf3 c5 1/2-1/2

[Event "SC Groebenzell 1-SK Tarrasch Muenchen 1"]
[Site "?"]
[Date "2024.02.25"]
[Round "6.7"]
[White "Koester, Roman"]
[Black "Golder, Waldemar"]
[Result "0-1"]
[WhiteElo "2045"]
[BlackElo "2029"]
[PlyCount "109"]
[EventDate "2024.??.??"]
[WhiteTeam "SK Tarrasch München 1"]
[BlackTeam "SC Gröbenzell 1"]

1. d4 Nf6 2. Bf4 e6 3. e3 c5 4. c3 Nc6 5. Nd2 d5 6. Ngf3 Bd6 7. Bg3 Bxg3 8. hxg3 Qd6 9. Bd3 e5 10. dxe5 Nxe5 11. Nxe5 Qxe5 12. Nf3 Qe7 13. Qc2 Bd7 14. O-O-O g6 15. Rh4 O-O-O 16. c4 Bc6 17. a3 Kb8 18. cxd5 Rxd5 19. Bc4 Rxd1+ 20. Qxd1 Ne4 21. Qe2 f5 22. Rh1 Rd8 23. Rd1 Rxd1+ 24. Kxd1 Qd6+ 25. Ke1 b6 26. Qd3 Kc7 27. Ke2 Qf6 28. Qc2 Qd6 29. Bd3 Nf6 30. Qc3 Be4 31. Bb5 Bc6 32. Bxc6 Kxc6 33. Nd4+ Kb7 34. Nb5 Qc6 35. a4 a6 36. Na3 Ne4 37. Qg7+ Qc7 38. Qxc7+ Kxc7 39. Nc4 b5 40. axb5 axb5 41. Ne5 Kd6 42. Nd3 Kd5 43. Kf3 Kc4 44. Nc1 h5 45. Kf4 Nxf2 46. Kg5 Nd1 47. Kxg6 Nxe3 48. Kg5 Kd4 49. Nb3+ Kd5 50. Nc1 Ke4 51. Nb3 c4 52. Nc5+ Kd4 53. Ne6+ Kd3 54. Nc7 b4 55. Na6 0-1

[Event "SC Groebenzell 1-SK Tarrasch Muenchen 1"]
[Site "?"]
[Date "2024.02.25"]
[Round "6.8"]
[White "Foessmeier, Ulrich Johann"]
[Black "Lipinsky, Markus"]
[Result "1/2-1/2"]
[WhiteElo "2162"]
[BlackElo "1988"]
[PlyCount "41"]
[EventDate "2024.??.??"]
[WhiteTeam "SC Gröbenzell 1"]
[BlackTeam "SK Tarrasch München 1"]

1. d4 d5 2. c3 Nf6 3. Bf4 c5 4. e3 Nc6 5. Nd2 Bf5 6. Ngf3 e6 7. Be2 h6 8. Ne5 Nd7 9. Qb3 Ndxe5 10. Bxe5 Qd7 11. Bg3 c4 12. Qd1 b5 13. b4 a5 14. a4 axb4 15. axb5 Na5 16. e4 bxc3 17. exf5 cxd2+ 18. Qxd2 Qxb5 19. O-O Bb4 20. Qe3 Ra6 21. Bg4 1/2-1/2

[Event "SC 1868 Bamberg 1-SC NT Nuernberg 1"]
[Site "?"]
[Date "2024.02.25"]
[Round "6.1"]
[White "Milov, Leonid"]
[Black "Kolb, Tobias"]
[Result "1/2-1/2"]
[WhiteElo "2427"]
[BlackElo "2329"]
[PlyCount "49"]
[EventDate "2024.??.??"]
[WhiteTeam "SC NT Nürnberg 1"]
[BlackTeam "SC 1868 Bamberg 1"]

1. d4 d5 2. Nf3 Nf6 3. c4 e6 4. g3 Bb4+ 5. Bd2 Be7 6. Bg2 Nbd7 7. Qc2 c6 8. O-O Ne4 9. Be3 Nd6 10. b3 O-O 11. Bc1 b6 12. Nbd2 Bb7 13. Bb2 c5 14. dxc5 Nxc5 15. Rfd1 Rc8 16. Rac1 Qe8 17. Qb1 f6 18. cxd5 Bxd5 19. Ne1 Bxg2 20. Nxg2 Qg6 21. Qxg6 hxg6 22. Nc4 Nxc4 23. Rxc4 Rfd8 24. Rxd8+ Rxd8 25. Rd4 1/2-1/2

[Event "SC 1868 Bamberg 1-SC NT Nuernberg 1"]
[Site "?"]
[Date "2024.02.25"]
[Round "6.2"]
[White "Burdalev, Kirill"]
[Black "Yelisieiev, Yevhenii"]
[Result "1-0"]
[WhiteElo "2386"]
[BlackElo "2387"]
[PlyCount "90"]
[EventDate "2024.??.??"]
[WhiteTeam "SC 1868 Bamberg 1"]
[BlackTeam "SC NT Nürnberg 1"]

1. d4 d5 2. c4 e6 3. Nf3 Nf6 4. e3 c6 5. Nc3 Bd6 6. Be2 Nbd7 7. b3 O-O 8. O-O b6 9. Bb2 Bb7 10. Bd3 Qe7 11. Re1 dxc4 12. bxc4 e5 13. Be2 Rfe8 14. h3 Ba3 15. Qc1 Bxb2 16. Qxb2 c5 17. d5 Red8 18. a4 Ne8 19. e4 Nd6 20. Bd3 Ba6 21. Nb5 Bxb5 22. axb5 f6 23. Ra4 Nf8 24. Qa1 Rd7 25. Ra6 Re8 26. h4 h5 27. g3 g5 28. hxg5 fxg5 29. Kg2 Nh7 30. Qc1 Qf6 31. Qe3 Rf7 32. Nd2 g4 33. f3 gxf3+ 34. Nxf3 Rg7 35. Rh1 Kf7 36. Be2 Qf4 37. Qxf4+ exf4 38. e5 Nf5 39. Bd3 Nxg3 40. Re1 Nf5+ 41. Kh1 Ne3 42. d6 Nf8 43. Be4 Ke6 44. Bc6 Rd8 45. Rg1 Ng4 1-0

[Event "SC 1868 Bamberg 1-SC NT Nuernberg 1"]
[Site "?"]
[Date "2024.02.25"]
[Round "6.3"]
[White "Hrebenshchykova, Yelyzaveta"]
[Black "Pribyl, Josef"]
[Result "1-0"]
[WhiteElo "2300"]
[BlackElo "2206"]
[PlyCount "95"]
[EventDate "2024.??.??"]
[WhiteTeam "SC NT Nürnberg 1"]
[BlackTeam "SC 1868 Bamberg 1"]

1. e4 c5 2. Nf3 Nf6 3. Nc3 Nc6 4. Bb5 e6 5. e5 Nd5 6. Nxd5 exd5 7. O-O a6 8. Be2 d6 9. d4 cxd4 10. Bf4 dxe5 11. Bxe5 Nxe5 12. Nxe5 Bc5 13. Bd3 Qf6 14. Qh5 g6 15. Qh6 Bf8 16. Qd2 Bd6 17. Rae1 O-O 18. f4 b6 19. Kh1 Ra7 20. Qf2 Bc5 21. Qf3 Rd8 22. f5 gxf5 23. Qh5 Re7 24. Bxf5 Qg7 25. Rf3 Bxf5 26. Qxf5 Rd6 27. Qc8+ Qf8 28. Rg3+ Rg6 29. Qxf8+ Kxf8 30. Nxg6+ fxg6 31. Rf3+ Ke8 32. Rxe7+ Kxe7 33. g4 Ke6 34. Rh3 Ke5 35. Rxh7 Kf4 36. Rg7 Ke3 37. Rf7 d3 38. cxd3 Kxd3 39. Kg2 Kc2 40. b3 g5 41. h4 gxh4 42. g5 Bd4 43. Rd7 Kb2 44. Rxd5 Bc3 45. Rd6 Kxa2 46. Rxb6 a5 47. g6 Ka3 48. Rb5 1-0

[Event "SC 1868 Bamberg 1-SC NT Nuernberg 1"]
[Site "?"]
[Date "2024.02.25"]
[Round "6.4"]
[White "Hofmann, Lorenz"]
[Black "Kirchner, Thomas"]
[Result "1/2-1/2"]
[WhiteElo "2138"]
[BlackElo "2258"]
[PlyCount "82"]
[EventDate "2024.??.??"]
[WhiteTeam "SC 1868 Bamberg 1"]
[BlackTeam "SC NT Nürnberg 1"]

1. e4 e5 2. Nf3 Nc6 3. Bc4 Bc5 4. O-O d6 5. c3 Nf6 6. d3 a6 7. Bb3 Ba7 8. Nbd2 O-O 9. Re1 Ne7 10. Nf1 Ng6 11. Ng3 c6 12. h3 Be6 13. Bc2 h6 14. d4 Qc7 15. b3 Rad8 16. Bb2 Rfe8 17. c4 b5 18. Qe2 bxc4 19. bxc4 Qa5 20. c5 dxc5 21. dxe5 Nd7 22. Rad1 c4 23. Nf5 Ngxe5 24. Nxe5 Nxe5 25. Nd6 Re7 26. Bxe5 Qxe5 27. Nxf7 Rxf7 28. Rxd8+ Kh7 29. Rf1 Bb6 30. Ra8 Bc7 31. f4 Rxf4 32. Rxf4 Qxf4 33. e5+ g6 34. Re8 Bb6+ 35. Kh1 Bd5 36. Rb8 Bd4 37. Re8 Qc1+ 38. Bd1 Qf4 39. Bc2 Qc1+ 40. Bd1 Qf4 41. Bc2 Qc1+ 1/2-1/2

[Event "SC 1868 Bamberg 1-SC NT Nuernberg 1"]
[Site "?"]
[Date "2024.02.25"]
[Round "6.5"]
[White "Promyshlyanskyy, Vitaliy"]
[Black "Ploehn, Heiko"]
[Result "1-0"]
[WhiteElo "2259"]
[BlackElo "2118"]
[PlyCount "114"]
[EventDate "2024.??.??"]
[WhiteTeam "SC NT Nürnberg 1"]
[BlackTeam "SC 1868 Bamberg 1"]

1. e4 g6 2. d4 Bg7 3. Nf3 c5 4. c3 Qa5 5. dxc5 Qxc5 6. Be3 Qc6 7. Bd3 Nf6 8. Nd4 Qc7 9. Nb5 Qa5 10. b4 Qd8 11. Nxa7 O-O 12. Qe2 d5 13. e5 Ng4 14. Bd4 Bd7 15. f4 h5 16. O-O Nh6 17. Qf2 Bf5 18. Bxf5 Nxf5 19. Nd2 Qd7 20. a4 Na6 21. Nf3 Nc7 22. Bb6 f6 23. Rfe1 Ne6 24. exf6 exf6 25. g3 Rfe8 26. Red1 g5 27. Qc2 Ne7 28. f5 Qd6 29. a5 Nc7 30. Nd4 Nc8 31. Nab5 Nxb5 32. Nxb5 Qc6 33. Nc7 Nxb6 34. Nxe8 Rxe8 35. axb6 Qxb6+ 36. Qf2 Qc6 37. Qd4 Re5 38. Ra8+ Kh7 39. Ra5 b5 40. Qc5 Qe8 41. Rf1 h4 42. Qxb5 Qh5 43. Qd3 hxg3 44. Ra2 g2 45. Rxg2 Bf8 46. Qf3 Qe8 47. Rg3 Kg8 48. Rh3 Bg7 49. Qd1 Qe7 50. Rd3 Bf8 51. Qh5 Bg7 52. Qf3 Qa7+ 53. Kh1 Qa2 54. Rfd1 g4 55. Qg2 Qc4 56. Rxd5 Re2 57. R5d4 Qa2 1-0

[Event "SC 1868 Bamberg 1-SC NT Nuernberg 1"]
[Site "?"]
[Date "2024.02.25"]
[Round "6.6"]
[White "Mittag, Ralf"]
[Black "Hoffmann, Sebastian"]
[Result "1-0"]
[WhiteElo "2113"]
[BlackElo "2200"]
[PlyCount "119"]
[EventDate "2024.??.??"]
[WhiteTeam "SC 1868 Bamberg 1"]
[BlackTeam "SC NT Nürnberg 1"]

1. e4 c6 2. d4 d5 3. Nc3 dxe4 4. Nxe4 Nf6 5. Nxf6+ exf6 6. c3 Bd6 7. Bd3 O-O 8. Ne2 Re8 9. Qc2 h5 10. Be3 Nd7 11. O-O-O Nf8 12. Nf4 Bxf4 13. Bxf4 Be6 14. Kb1 b5 15. Ka1 a5 16. Be4 Qd7 17. Rd2 a4 18. Rhd1 Bb3 19. Qd3 Bxd1 20. Rxd1 Ne6 21. Bc1 Nc7 22. Qf3 Nd5 23. Bf5 Qe7 24. Bd3 g6 25. a3 Qd7 26. h3 Kg7 27. g4 hxg4 28. hxg4 Rh8 29. Qg3 Rae8 30. c4 bxc4 31. Bxc4 Re7 32. g5 Qe8 33. Bxd5 cxd5 34. gxf6+ Kxf6 35. Bg5+ Kg7 36. Bxe7 Qxe7 37. Ka2 Re8 38. Qc3 Qd7 39. Rc1 Qb5 40. Rc2 Re4 41. Qd2 Rh4 42. Rc1 Qb6 43. Rd1 Qb3+ 44. Kb1 Rh2 45. Rf1 Qf3 46. Ka1 Kf6 47. Qe1 Qe4 48. Qd2 Rh4 49. Rd1 Rf4 50. Qb4 Rxf2 51. Qxa4 Qc2 52. Qa6+ Kg7 53. Rb1 Qd2 54. Qb6 Rf4 55. Rh1 Qxd4 56. Qd8 f6 57. Qe7+ Kg8 58. Rc1 Qc4 59. Rxc4 Rxc4 60. Qxf6 1-0

[Event "SC 1868 Bamberg 1-SC NT Nuernberg 1"]
[Site "?"]
[Date "2024.02.25"]
[Round "6.7"]
[White "Heimrath, Reiner"]
[Black "Riemer, Ralf"]
[Result "1-0"]
[WhiteElo "2163"]
[BlackElo "2048"]
[PlyCount "83"]
[EventDate "2024.??.??"]
[WhiteTeam "SC NT Nürnberg 1"]
[BlackTeam "SC 1868 Bamberg 1"]

1. e4 e5 2. Nc3 Nf6 3. Bc4 Bb4 4. Nf3 O-O 5. O-O d6 6. d3 Bg4 7. Bg5 c6 8. h3 Be6 9. Bb3 Nbd7 10. d4 Bxb3 11. axb3 exd4 12. Nxd4 Re8 13. Re1 Qb6 14. Nf5 Bxc3 15. bxc3 Nxe4 16. Rxe4 Rxe4 17. Qxd6 Nf8 18. Ne7+ Kh8 19. Nd5 Qb5 20. c4 Re6 21. Qa3 Qa6 22. Qxa6 bxa6 23. Nc7 Rc8 24. Nxe6 Nxe6 25. Be3 c5 26. Rxa6 Rc7 27. f4 g6 28. g4 Re7 29. Kf2 f5 30. Rc6 Nd4 31. Bxd4+ cxd4 32. gxf5 gxf5 33. Rc5 Re3 34. Rxf5 Rxh3 35. Ke2 Re3+ 36. Kd2 Kg7 37. Re5 Rxe5 38. fxe5 Kf7 39. c5 h5 40. Ke2 Ke6 41. c6 a5 42. Kf3 1-0

[Event "SC 1868 Bamberg 1-SC NT Nuernberg 1"]
[Site "?"]
[Date "2024.02.25"]
[Round "6.8"]
[White "Nigmatulin, Anatolij"]
[Black "Kabatianski, Alexander"]
[Result "0-1"]
[WhiteElo "1953"]
[BlackElo "2269"]
[PlyCount "74"]
[EventDate "2024.??.??"]
[WhiteTeam "SC 1868 Bamberg 1"]
[BlackTeam "SC NT Nürnberg 1"]

1. e4 c5 2. Nf3 e6 3. c3 d5 4. e5 Nc6 5. d4 Qb6 6. a3 Bd7 7. b4 cxd4 8. cxd4 Rc8 9. Be3 Nge7 10. Bd3 Nf5 11. Nbd2 Be7 12. O-O O-O 13. Nb3 Nxe3 14. fxe3 Nb8 15. Qe2 a6 16. Nc5 Bb5 17. Bxb5 axb5 18. Nd2 Qc6 19. Rac1 b6 20. Nd3 Qd7 21. Nf4 Na6 22. Qg4 Rxc1 23. Rxc1 Nc7 24. Nh5 Ne8 25. Nf3 g6 26. Nf4 Ng7 27. Qg3 Rc8 28. Qe1 g5 29. Ne2 g4 30. Nd2 Nf5 31. Nf1 Rc4 32. Rxc4 bxc4 33. Nc3 Qa7 34. Qc1 Bg5 35. Ne2 Qa4 36. Kf2 Kf8 37. Qc3 Qd1 0-1

[Event "SK Schwandorf 1-SF Augsburg 1"]
[Site "?"]
[Date "2024.02.25"]
[Round "6.1"]
[White "Pancevski, Filip"]
[Black "Zvara, Petr"]
[Result "1-0"]
[WhiteElo "2446"]
[BlackElo "2335"]
[PlyCount "77"]
[EventDate "2024.??.??"]
[WhiteTeam "SF Augsburg 1"]
[BlackTeam "SK Schwandorf 1"]

1. e4 c6 2. d4 d5 3. exd5 cxd5 4. Bd3 Nc6 5. c3 Qc7 6. h3 g6 7. Nf3 Bf5 8. Be2 Nf6 9. O-O Bg7 10. Be3 O-O 11. Nbd2 Rad8 12. Nb3 h6 13. Qc1 g5 14. h4 Ng4 15. hxg5 Nxe3 16. Qxe3 hxg5 17. Qxg5 Bh7 18. Rad1 Rd6 19. Bd3 Be4 20. Bxe4 dxe4 21. Nh4 Rh6 22. Rfe1 e6 23. Rxe4 Kh7 24. Nf3 Bf6 25. Qf4 Qd8 26. Ree1 Rg8 27. g3 Ne7 28. Kg2 Ng6 29. Qe4 Qd5 30. Nbd2 Qxa2 31. Rh1 Qd5 32. Rxh6+ Kxh6 33. Qxd5 exd5 34. Nf1 Ne7 35. Ne3 Kg6 36. Ra1 a6 37. Ne1 Rd8 38. Nd3 Rd6 39. Ra5 1-0

[Event "SK Schwandorf 1-SF Augsburg 1"]
[Site "?"]
[Date "2024.02.25"]
[Round "6.2"]
[White "Barth, Norbert"]
[Black "Colovic, Aleksandar"]
[Result "1/2-1/2"]
[WhiteElo "2221"]
[BlackElo "2416"]
[PlyCount "71"]
[EventDate "2024.??.??"]
[WhiteTeam "SK Schwandorf 1"]
[BlackTeam "SF Augsburg 1"]

1. Nf3 Nf6 2. b3 g6 3. Bb2 Bg7 4. g3 b6 5. Bg2 Bb7 6. O-O O-O 7. c4 e6 8. d4 c5 9. Nc3 d6 10. Qd2 Nbd7 11. Rfd1 d5 12. cxd5 exd5 13. Rac1 Qe7 14. e3 Rfd8 15. Rc2 Rac8 16. Qc1 h5 17. Ne2 Bh6 18. Ne5 Nxe5 19. dxe5 Ne4 20. f3 d4 21. Nf4 Ng5 22. exd4 Nxf3+ 23. Kh1 Nxd4 24. Bxd4 cxd4 25. Nxg6 Bxg2+ 26. Rxg2 Rxc1 27. Nxe7+ Kf8 28. Rxc1 Bxc1 29. Nc6 Rd7 30. Rg1 Be3 31. Rd1 a5 32. Kg2 d3 33. Kf3 Bh6 34. e6 Rd5 35. Ke4 fxe6 36. Rxd3 1/2-1/2

[Event "SK Schwandorf 1-SF Augsburg 1"]
[Site "?"]
[Date "2024.02.25"]
[Round "6.3"]
[White "Vuckovic, Aleksandar"]
[Black "Votruba, Pavel"]
[Result "1/2-1/2"]
[WhiteElo "2339"]
[BlackElo "2222"]
[PlyCount "140"]
[EventDate "2024.??.??"]
[WhiteTeam "SF Augsburg 1"]
[BlackTeam "SK Schwandorf 1"]

1. e4 e6 2. d4 d5 3. exd5 exd5 4. Bd3 c5 5. Nf3 Bd6 6. dxc5 Bxc5 7. O-O Ne7 8. Re1 Bg4 9. Be3 Bxe3 10. Rxe3 Nbc6 11. c3 Qd7 12. Nbd2 O-O 13. Qc2 h6 14. Rae1 Nf5 15. Re5 Nfe7 16. R5e2 Rfe8 17. h3 Bh5 18. Qb3 Kf8 19. Qa3 Kg8 20. Ne5 Nxe5 21. Rxe5 Nc6 22. Bb5 Rxe5 23. Rxe5 Bg6 24. Nf3 Be4 25. Bxc6 Qxc6 26. Nd4 Qf6 27. Qe7 Qf4 28. Ne2 Qd2 29. Qxb7 Qe1+ 30. Kh2 Rf8 31. f3 Qxe2 32. fxe4 dxe4 33. Rxe4 Qd2 34. Rd4 Qc1 35. Qb5 Qe3 36. Qd3 Qe5+ 37. Qg3 Qa5 38. a4 Re8 39. Rg4 g6 40. Rb4 Re2 41. Rb8+ Kh7 42. Rb4 h5 43. Rf4 Qc7 44. Rf3 Qe7 45. Qf4 Kg7 46. Qd4+ Kg8 47. b4 Re4 48. Qf6 Qc7+ 49. Kg1 Qc4 50. a5 h4 51. Qd8+ Kg7 52. Qd3 Qe6 53. Kf2 Qa2+ 54. Kg1 Qe6 55. Rf1 f5 56. b5 g5 57. Qd8 Kg6 58. Qc7 g4 59. Qxa7 Qd5 60. Qa6+ Kg5 61. Qc6 Qd2 62. hxg4 Re1 63. Qf3 Rxf1+ 64. Qxf1 fxg4 65. a6 g3 66. Kh1 h3 67. a7 hxg2+ 68. Qxg2 Qe1+ 69. Qg1 Qe4+ 70. Qg2 Qe1+ 1/2-1/2

[Event "SK Schwandorf 1-SF Augsburg 1"]
[Site "?"]
[Date "2024.02.25"]
[Round "6.4"]
[White "Muehling, Werner"]
[Black "Vuckovic, Zarko"]
[Result "0-1"]
[WhiteElo "2015"]
[BlackElo "2358"]
[PlyCount "86"]
[EventDate "2024.??.??"]
[WhiteTeam "SK Schwandorf 1"]
[BlackTeam "SF Augsburg 1"]

1. d4 Nf6 2. Nf3 d5 3. e3 c5 4. c3 cxd4 5. exd4 Nc6 6. Bd3 Bg4 7. O-O e6 8. Re1 Bd6 9. Nbd2 O-O 10. Nf1 Bh5 11. Ng3 Bg6 12. Ne5 Bxd3 13. Nxd3 b5 14. Ne5 Rc8 15. Bg5 Be7 16. Qb3 a6 17. a4 Na5 18. Qd1 Nc4 19. axb5 axb5 20. Nd3 b4 21. cxb4 h6 22. Be3 Qb6 23. Ra4 Bd6 24. b3 Nxe3 25. fxe3 Bxg3 26. hxg3 Ne4 27. Qa1 Qd6 28. Nc5 Qxg3 29. Nxe4 dxe4 30. Re2 Rb8 31. Qe1 Qc7 32. Ra5 Rb6 33. Rc5 Qb7 34. Rec2 Rxb4 35. Rc7 Qb8 36. Rc8 Rxc8 37. Rxc8+ Qxc8 38. Qxb4 Qc1+ 39. Kf2 Kh7 40. Ke2 Qg1 41. Qc3 Qxg2+ 42. Kd1 h5 43. Qc5 Kg6 0-1

[Event "SK Schwandorf 1-SF Augsburg 1"]
[Site "?"]
[Date "2024.02.25"]
[Round "6.5"]
[White "Lavrinenkov, Vadim"]
[Black "Lautner, Juergen"]
[Result "1-0"]
[WhiteElo "2286"]
[BlackElo "1996"]
[PlyCount "55"]
[EventDate "2024.??.??"]
[WhiteTeam "SF Augsburg 1"]
[BlackTeam "SK Schwandorf 1"]

1. d4 Nf6 2. Nf3 d5 3. c4 c6 4. e3 e6 5. Bd3 dxc4 6. Bxc4 c5 7. O-O a6 8. b3 Nbd7 9. Bb2 Be7 10. Nbd2 O-O 11. Be2 b6 12. dxc5 Nxc5 13. Nc4 Bb7 14. Rc1 b5 15. Qxd8 Raxd8 16. Na5 Bd5 17. Ne5 Rc8 18. Bf3 Nfe4 19. Rfd1 f6 20. Nec6 Bd8 21. Ba3 Bxa5 22. Ne7+ Kf7 23. Nxc8 b4 24. Nd6+ Kg6 25. Nxe4 Nxe4 26. Bxe4+ Bxe4 27. Bxb4 Bxb4 28. Rc4 1-0

[Event "SK Schwandorf 1-SF Augsburg 1"]
[Site "?"]
[Date "2024.02.25"]
[Round "6.6"]
[White "Steger, Eric"]
[Black "Weller, Uli"]
[Result "0-1"]
[WhiteElo "1967"]
[BlackElo "2263"]
[PlyCount "94"]
[EventDate "2024.??.??"]
[WhiteTeam "SK Schwandorf 1"]
[BlackTeam "SF Augsburg 1"]

1. c4 e5 2. g3 Nc6 3. Bg2 Bc5 4. Nc3 a6 5. Nf3 d6 6. O-O Nge7 7. e3 Ba7 8. d4 exd4 9. Nxd4 h5 10. h3 Nxd4 11. exd4 Nf5 12. Re1+ Kf8 13. Ne2 Qf6 14. Qa4 c6 15. c5 dxc5 16. d5 Bd7 17. dxc6 Bxc6 18. Bxc6 Qxc6 19. Qxc6 bxc6 20. Rd1 Ke7 21. Bd2 Nd4 22. Kf1 Rhd8 23. Rac1 Ne6 24. Be3 Rxd1+ 25. Rxd1 c4 26. Bc1 Rd8 27. Rxd8 Nxd8 28. Nf4 g6 29. Ke2 Bd4 30. Ng2 Ne6 31. Ne3 Bxe3 32. Bxe3 Kd6 33. Kd2 Kd5 34. f3 Nd4 35. f4 f5 36. Kc3 c5 37. Kd2 Ke4 38. Bf2 Kf3 39. Be1 Ne2 40. a4 Nxg3 41. Kc3 Ne4+ 42. Kxc4 Kxf4 43. a5 Ke3 44. Kd5 f4 45. Kc6 f3 46. Kb6 Ke2 47. Bh4 g5 0-1